000 01000nam a2200325 i 4500
999 _c65218
_d65218
001 768714001
003 CO-MdFUSB
005 20191023084951.0
008 190913t2004 ck |||| |||| 00| 0 spa d
020 _a9580483272
040 _aCO-MdFUSB
_bspa
_cCO-MdFUSB
_dCO-MdFUSBC
_erda
041 _aspa
082 _223
_a923.41
_bM385s
100 _aMartínez, Glenda.
_eautor
245 1 _aSalvatore Mancuso, su vida :
_b"es como si hubiera vivido cien años"
_c/ Glenda Martínez
264 1 _aBogotá, Colombia :
_bNorma,
_c[2004]
264 4 _c© 2004
300 _a167 páginas
_c; 22 cm
336 _2rdacontent
_atexto
_btxt
337 _2rdamedia
_asin mediación
_bn
338 _2rdacarrier
_avolumen
_bnc
490 _aHistorias no contadas
563 _aRústico
650 7 _9409
_aBiografía
653 _aAutodefensas -- Colombia -- Relatos personales.
653 _aParamilitares -- Colombia
653 _aMancuso, Salvatore -- Entrevista.
942 _cBK
945 _aJTF-925